000 01563nam a22003857a 4500
003 CHAP
005 20220329143833.0
008 111125s2011 mx r 00010 spa d
010 _a102571
011 _a103543
035 _a114232
040 _cCHAP
090 _aTesis
100 1 _aMora Toledano, Saira María Guadalupe.
_978179
245 1 0 _aTratamiento térmico en semillas de papaya maradol (Carica papaya L.) y su efecto en la germinación
_h[En línea]
_c/por Saira María Guadalupe Mora Toledano
260 _aChapingo, Méx. :
_bEl autor,
_c2011
500 _aPara ver el contenido del material haga clic en la liga
502 _aTesis (Ing. Agr. Esp. en Fitotecnia) -- UACH. Departamento de Fitotecnia
590 _aALEPH
_b10
_c20130110
_lUCH01
_h1543
590 _aBATCH-UPD
_b10
_c20130110
_lUCH01
_h1434
590 _aBATCH-UPD
_b10
_c20130410
_lUCH01
_h0745
590 _aBATCH-UPD
_b10
_c20130914
_lUCH01
_h0824
590 _aBATCH-UPD
_b10
_c20140324
_lUCH01
_h1528
590 _aBATCH-UPD
_b10
_c20141002
_lUCH01
_h0852
590 _aCONVERSION
_b10
_c20130109
_lUCH01
_h1356
650 1 4 _aCalor
_xEfecto en semillas.
_917575
650 1 4 _aPapaya
_xSemilla.
_985357
650 1 4 _aSemillas
_xEnfermedades por hongos.
_9103899
650 1 4 _aSemillas
_xGerminación.
_9103903
856 _3Finding aid
_uhttp://10.13.5.2/tesis/114232.pdf
_zTeclea aqui
901 _aBK
942 _cFOLL
949 _aTesis
_bBC
_cTES
_d33724002313736
_eTS1
_gDonaciØn
_h53050
_i114232
_st
949 _atesis
_bBC
_cTES
_d33724002313777
_eTS2
_fc.2
_gDonaciØn
_h53051
_i114232
_st
999 _c102571
_d102571